000 00412nam a22001697a 4500
005 20180704120955.0
008 160525b xxu||||| |||| 00| 0 eng d
020 _a81-259-0638-X
041 _aeng
082 _b4801
_a658.15
100 _aPandey, I.M.
_94454
245 _aFinancial Management
260 _aNew Delhi
_bAcademic Faundation
_c2003
300 _a1195
650 _aManagement
_9241
942 _cBK
999 _c1633
_d1632